Cities of Europe - Statistics

General Stats
  • This quiz has been taken 43 times
  • The average score is 3 of 6
Answer Stats
Question Answer % Correct
Which of the following is not a capital St Petersburg
100%
What was the first city in Europe to have 7.5 million people? London
72%
Which of the following is northernmost? Helsinki
58%
What is the city with the largest population in Europe? Istanbul
42%
Which city has the highest city proper population? Istanbul
39%
Which of the following is southernmost? Rome
17%
No matching quizzes found
Score Distribution
Percent of People with Each Score
Percentile by Number Answered
Your Score History
You have not taken this quiz